000 005070000a22001930004500
001 1645
003 CO-MdFUSB
005 20170515153733.0
008 170515b xxu||||| |||| 00| 0 eng d
020 _a84-263-5132-8
040 _cCO-MdBIC
082 0 4 _a863C An885m
100 1 _aAntón, Rocío
245 1 0 _aUna momia muy responsable / Rocío Antón ; Lola Núñez ; ilustraciones Claudia Ranucci
250 _a4a ed.
260 _aMadrid : Editorial Luis Vives
300 _a29 P.
942 _cLGB
999 _c48803
_d48803